000 00596nam a22001937a 4500
005 20251108165905.0
008 250721s1985 xx 000 0 ara d
082 1 4 _aق/دوم
100 1 _aدوماس، إسكندر
245 1 0 _aالعاشق الفارس :
_bالفيكونت دي براجليون /
264 1 _aالقاهرة :
_bدار الهلال،
_c1985.
300 _a160ص
490 0 _aروايات الهلال
650 1 7 _aالأدب المترجم
650 1 7 _aالروايات
700 1 _aعبد الله، صوفي
_eترجمة
942 _2ddc
_cBK
999 _c34007
_d34007